Personalwirtschaftslehre

Salvato in:
Dettagli Bibliografici
Autore principale: Drumm, Hans Jürgen
Natura: Libro
Lingua:tedesco
Pubblicazione: Berlin Springer 1989
Edizione:1. Aufl.
Soggetti:
Tags: Aggiungi Tag
Nessun Tag, puoi essere il primo ad aggiungerne!!

MARC

LEADER 00000nam a2200000 4500
001 c001957
005 20221215125431.8
020 |a 3-540-51163-6 
041 0 |a ger 
044 |a DE 
245 1 0 |a Personalwirtschaftslehre  |c Hans Jürgen Drumm 
250 |a 1. Aufl. 
264 1 |a Berlin  |b Springer  |c 1989 
300 |a 430 s. 
610 2 0 |a personalistika 
610 2 0 |a spolurozhodovanie 
610 2 0 |a zmluvy kolektívne 
610 2 0 |a plánovanie personálne 
610 2 0 |a vzdelávanie 
610 2 0 |a rozvoj pracovníkov 
610 2 0 |a motivácia 
100 1 |a Drumm, Hans Jürgen